| 000 | 003340000a22001450004500 | ||
|---|---|---|---|
| 003 | MACL | ||
| 040 | _aMACL | ||
| 090 |
_c33089 _d33087 |
||
| 100 | _aNaik, Nitin K | ||
| 245 | _aComputer Networking & Data Communications | ||
| 260 |
_bKamal Prakashan _c2002 |
||
| 350 | _a100 | ||
| 650 | _aComputer Science | ||
| 942 |
_cBOOK _k004.65/NAI |
||
| 999 |
_c32747 _d32747 |
||